| 000 | 00529nam a2200181 a 4500 | ||
|---|---|---|---|
| 001 | 000022005 | ||
| 005 | 20200930011536.0 | ||
| 008 | 100915s1999 ck r 000 f spa d | ||
| 020 | _a0789906880 | ||
| 040 |
_aDO-SdBNP _bspa _cBNPHU |
||
| 082 |
_aRD863.4 _bG886c |
||
| 100 | 1 |
_aGruger, Radán _945614 |
|
| 245 | 1 | 3 |
_aLa conspiración zelote / _cRádan Gruger. |
| 260 |
_aMiami, Fl. : _bUnilit, _c1999. |
||
| 300 |
_a441, [3] p. ; _c21 cm. |
||
| 590 | _aLa biblioteca posee un ejemplar autografiado por el autor. | ||
| 049 | _aBNGR | ||
| 999 |
_c21503 _d21503 |
||